Memorable American TV Characters #5 - Statistics

General Stats
  • This quiz has been taken 30,146 times
    23,707 since last reset
  • The average score is 11 of 24
Answer Stats
Character Show % Correct
Dexter Morgan Dexter
89%
Stewie Griffin Family Guy
85%
Tyrion Lannister Game of Thrones
81%
Adrian Monk Monk
71%
The Soup Nazi Seinfeld
64%
Hank Hill King of the Hill
61%
Robin Scherbatsky How I Met Your Mother
60%
Uncle Phil The Fresh Prince of Bel-Air
59%
Bender Rodriguez Futurama
56%
Leslie Knope Parks and Recreation
48%
Topanga Lawrence Boy Meets World
46%
Wish Bear The Care Bears Family
43%
Michael Knight Knight Rider
41%
Cliff Clavin Cheers
39%
Betty Suarez Ugly Betty
39%
Tracy Jordan 30 Rock
38%
Kelly Kapowski Saved by the Bell
38%
Dr. Temperance Brennan Bones
35%
President David Palmer 24
32%
Chuck Bartowski Chuck
29%
Abby Sciuto NCIS
26%
Carrie Heffernan The King of Queens
25%
Meatwad Aqua Teen Hunger Force
17%
Nancy Botwin Weeds
14%
No matching quizzes found
Score Distribution
Percent of People with Each Score
Percentile by Number Answered
Your Score History
You have not taken this quiz since the last reset